[Event "SWE-ch 2019"]
[Site "Eskilstuna"]
[Date "2019.07.12"]
[Round "7.3"]
[White "Sagit, Rauan"]
[Black "Hector, Jonny"]
[Result "1-0"]
[WhiteElo "2429"]
[BlackElo "2487"]
[Annotator "ChessBase"]
[PlyCount "171"]
[EventDate "2019.07.06"]
[EventType "tourn"]
[EventCountry "SWE"]
[SourceTitle "playchess.com"]
[Source "ChessBase"]
[SourceQuality "1"]
[TimeControl "40/5400+30:1800+30"]

1. Nf3 {[%emt 0:00:00]} d5 {[%emt 0:00:53]} 2. g3 {[%emt 0:00:26]} Nc6 {[%emt 0:00:25]} 3. d4 {[%emt 0:00:20]} Bf5 {[%emt 0:00:49]} 4. Bg2 {[%emt 0:00:52]} Nb4 {[%emt 0:01:10]} 5. Na3 {[%emt 0:00:35]} e6 {[%emt 0:00:30]} 6. c3 {[%emt 0:04:56]} Nc6 {[%emt 0:00:12]} 7. Qb3 {[%emt 0:01:06]} Rb8 {[%emt 0:00:18]} 8. Nh4 {[%emt 0:04:33]} Be4 {[%emt 0:06:40]} 9. f3 {[%emt 0:01:40]} Bg6 {[%emt 0:00:14]} 10. Nxg6 {[%emt 0:00:28]} hxg6 {[%emt 0:00:11]} 11. e4 {[%emt 0:01:46]} b5 {[%emt 0:08:30]} 12. Bf4 {[%emt 0:05:27]} b4 {[%emt 0:08:33]} 13. Qa4 {[%emt 0:02:58]} Qd7 {[%emt 0:06:47]} 14. Nb5 {[%emt 0:03:49]} Rb7 {[%emt 0:01:53]} 15. Nxc7+ {[%emt 0:16:45]} Rxc7 {[%emt 0:00:47]} 16. Bxc7 {[%emt 0:02:37]} Qxc7 {[%emt 0:00:07]} 17. exd5 {[%emt 0:00:55]} exd5 {[%emt 0:00:19]} 18. O-O {[%emt 0:01:04]} Qd7 {[%emt 0:04:49]} 19. Rfe1+ {[%emt 0:02:12]} Be7 {[%emt 0:02:14]} 20. Bf1 {[%emt 0:02:28]} Kf8 {[%emt 0:05:57]} 21. Bb5 {[%emt 0:05:13]} Qh3 {[%emt 0:00:40]} 22. Re2 {[%emt 0:01:41]} Nd8 {[%emt 0:09:34]} 23. Qxa7 {[%emt 0:01:32]} g5 {[%emt 0:00:41]} 24. Rae1 {[%emt 0:06:47]} g6 {[%emt 0:01:36]} 25. Rg2 {[%emt 0:01:15]} Qc8 {[%emt 0:03:47]} 26. Re3 {[%emt 0:10:51]} bxc3 {[%emt 0:04:23]} 27. bxc3 {[%emt 0:00:52]} Kg7 {[%emt 0:04:00]} 28. Qb6 {[%emt 0:06:03]} Ne6 {[%emt 0:03:38]} 29. Ba6 {[%emt 0:05:33]} Qa8 {[%emt 0:02:52]} 30. Bb7 {[%emt 0:01:29]} Qa3 {[%emt 0:02:51]} 31. Bxd5 {[%emt 0:07:09]} Qc1+ {[%emt 0:01:05]} 32. Kf2 {[%emt 0:00:07]} Qd2+ {[%emt 0:00:46]} 33. Re2 {[%emt 0:00:08]} Qxc3 {[%emt 0:00:12]} 34. Qb2 {[%emt 0:01:27]} Qxd4+ {[%emt 0:01:56]} 35. Qxd4+ {[%emt 0:00:52]} Nxd4 {[%emt 0:00:11]} 36. Rb2 {[%emt 0:00:37]} Nf6 {[%emt 0:00:38]} 37. Bb7 {[%emt 0:00:08]} Ba3 {[%emt 0:01:14]} 38. Rb1 {[%emt 0:00:45]} Rb8 {[%emt 0:01:31]} 39. Rgg1 {[%emt 0:01:24]} Nf5 {[%emt 0:04:03]} 40. Kg2 {[%emt 0:00:22]} Rd8 {[%emt 0:00:52]} 41. Kh1 {[%emt 0:01:47]} g4 {[%emt 0:03:23]} 42. Rgd1 {[%emt 0:02:33]} Rh8 {[%emt 0:01:01]} 43. Rd3 {[%emt 0:03:12]} Bc5 {[%emt 0:00:25]} 44. Kg2 {[%emt 0:02:53]} Ne3+ {[%emt 0:01:30]} 45. Kh1 {[%emt 0:01:45]} Nh5 {[%emt 0:03:08]} 46. Kg1 {[%emt 0:00:17]} Re8 {[%emt 0:10:38]} 47. Rb5 {[%emt 0:01:31]} Ba7 {[%emt 0:00:38]} 48. Ra5 {[%emt 0:01:22]} Bb6 {[%emt 0:01:29]} 49. Rb5 {[%emt 0:00:59]} Nc4+ {[%emt 0:00:56]} 50. Kf1 {[%emt 0:00:33]} Nf6 {[%emt 0:01:32]} 51. a4 {[%emt 0:02:38]} Ba7 {[%emt 0:05:53]} 52. a5 {[%emt 0:06:44]} Ne5 {[%emt 0:01:26]} 53. Rdb3 {[%emt 0:02:30]} gxf3 {[%emt 0:00:15]} 54. Bxf3 {[%emt 0:00:24]} Nxf3 {[%emt 0:01:08]} 55. Rxf3 {[%emt 0:00:16]} Ng4 {[%emt 0:00:07]} 56. Rb2 {[%emt 0:01:55]} Re5 {[%emt 0:05:32]} 57. Ra2 {[%emt 0:00:46]} Rh5 {[%emt 0:00:55]} 58. h4 {[%emt 0:01:06]} Rb5 {[%emt 0:00:07]} 59. Ke2 {[%emt 0:00:36]} Rb1 {[%emt 0:00:31]} 60. Rf1 {[%emt 0:01:04]} Rb5 {[%emt 0:00:34]} 61. Rf4 {[%emt 0:00:48]} Ne5 {[%emt 0:00:53]} 62. a6 {[%emt 0:00:28]} Rb3 {[%emt 0:00:19]} 63. Ra5 {[%emt 0:00:40]} Nc6 {[%emt 0:01:45]} 64. Rd5 {[%emt 0:00:27]} Re3+ {[%emt 0:01:21]} 65. Kd1 {[%emt 0:00:13]} Rxg3 {[%emt 0:00:39]} 66. Rd7 {[%emt 0:00:15]} Rg1+ {[%emt 0:02:23]} 67. Kc2 {[%emt 0:02:27]} Rg2+ {[%emt 0:04:03]} 68. Kb3 {[%emt 0:00:27]} Rg3+ {[%emt 0:01:16]} 69. Ka4 {[%emt 0:00:10]} Kg8 {[%emt 0:00:59]} 70. Rc4 {[%emt 0:01:32]} Ne5 {[%emt 0:01:02]} 71. Rc8+ {[%emt 0:00:11]} Kg7 {[%emt 0:00:04]} 72. Rxa7 {[%emt 0:00:08]} Rg1 {[%emt 0:01:07]} 73. Rc3 {[%emt 0:00:31]} Rh1 {[%emt 0:00:26]} 74. Rac7 {[%emt 0:01:27]} Rxh4+ {[%emt 0:00:41]} 75. Kb5 {[%emt 0:00:14]} Rh1 {[%emt 0:00:27]} 76. Ra3 {[%emt 0:00:42]} Rb1+ {[%emt 0:00:46]} 77. Ka4 {[%emt 0:01:11]} Rb8 {[%emt 0:00:28]} 78. a7 {[%emt 0:00:26]} Ra8 {[%emt 0:00:19]} 79. Kb5 {[%emt 0:00:12]} g5 {[%emt 0:00:12]} 80. Re7 {[%emt 0:01:02]} Kf6 {[%emt 0:00:18]} 81. Rb7 {[%emt 0:00:14]} g4 {[%emt 0:00:26]} 82. Rb8 {[%emt 0:00:21]} Rxa7 {[%emt 0:00:09]} 83. Rxa7 {[%emt 0:00:06]} Kf5 {[%emt 0:00:47]} 84. Rg8 {[%emt 0:01:03]} Kf4 {[%emt 0:00:24]} 85. Ra4+ {[%emt 0:00:08]} Ke3 {[%emt 0:01:15]} 86. Rg5 {[%emt 0:00:41]} 1-0

[Event "SWE-ch 2019"]
[Site "Eskilstuna"]
[Date "2019.07.12"]
[Round "7.4"]
[White "Smith, Axel"]
[Black "Johansson, Linus"]
[Result "1/2-1/2"]
[WhiteElo "2469"]
[BlackElo "2480"]
[Annotator "ChessBase"]
[PlyCount "102"]
[EventDate "2019.07.06"]
[EventType "tourn"]
[EventCountry "SWE"]
[SourceTitle "playchess.com"]
[Source "ChessBase"]
[SourceQuality "1"]
[TimeControl "40/5400+30:1800+30"]

1. e4 {[%emt 0:00:00]} c5 {[%emt 0:02:49]} 2. Nf3 {[%emt 0:00:00]} Nc6 {[%emt 0:00:04]} 3. Bb5 {[%emt 0:00:00]} g6 {[%emt 0:00:09]} 4. O-O {[%emt 0:00:00]} Bg7 {[%emt 0:00:31]} 5. c3 {[%emt 0:00:11]} Nh6 {[%emt 0:01:20]} 6. d4 {[%emt 0:01:33]} O-O {[%emt 0:07:00]} 7. dxc5 {[%emt 0:07:01]} f5 {[%emt 0:01:46]} 8. Nbd2 {[%emt 0:03:09]} Kh8 {[%emt 0:07:59]} 9. Bd3 {[%emt 0:04:44]} b6 {[%emt 0:03:55]} 10. Nb3 {[%emt 0:06:58]} bxc5 {[%emt 0:03:14]} 11. Nxc5 {[%emt 0:00:05]} d6 {[%emt 0:01:40]} 12. Nb3 {[%emt 0:00:40]} e5 {[%emt 0:01:45]} 13. Re1 {[%emt 0:14:09]} Be6 {[%emt 0:12:29]} 14. exf5 {[%emt 0:10:17]} gxf5 {[%emt 0:00:47]} 15. Nfd4 {[%emt 0:02:36]} Nxd4 {[%emt 0:12:28]} 16. Nxd4 {[%emt 0:00:09]} Bd7 {[%emt 0:00:23]} 17. Bxh6 {[%emt 0:17:59]} Bxh6 {[%emt 0:00:08]} 18. Qh5 {[%emt 0:00:12]} Qf6 {[%emt 0:00:55]} 19. Nxf5 {[%emt 0:01:21]} Bxf5 {[%emt 0:00:40]} 20. Bxf5 {[%emt 0:00:01]} Qxf5 {[%emt 0:00:09]} 21. Qxh6 {[%emt 0:00:03]} Qxf2+ {[%emt 0:00:11]} 22. Kh1 {[%emt 0:00:01]} Rf6 {[%emt 0:04:01]} 23. Qe3 {[%emt 0:04:45]} Rg8 {[%emt 0:02:39]} 24. Qxf2 {[%emt 0:00:56]} Rxf2 {[%emt 0:00:02]} 25. g3 {[%emt 0:00:32]} Rxb2 {[%emt 0:00:11]} 26. Reb1 {[%emt 0:00:55]} Rgb8 {[%emt 0:07:11]} 27. Rxb2 {[%emt 0:00:01]} Rxb2 {[%emt 0:00:08]} 28. Rd1 {[%emt 0:01:52]} Rb6 {[%emt 0:05:00]} 29. Kg2 {[%emt 0:01:11]} Kg7 {[%emt 0:00:08]} 30. Kf3 {[%emt 0:00:37]} Kf6 {[%emt 0:02:07]} 31. Ke4 {[%emt 0:01:54]} Ke6 {[%emt 0:01:21]} 32. Rd2 {[%emt 0:00:45]} a5 {[%emt 0:03:26]} 33. Rf2 {[%emt 0:10:09]} Rb1 {[%emt 0:12:53]} 34. Rf8 {[%emt 0:01:47]} Re1+ {[%emt 0:01:23]} 35. Kd3 {[%emt 0:00:03]} Rd1+ {[%emt 0:00:13]} 36. Ke3 {[%emt 0:03:54]} Re1+ {[%emt 0:02:25]} 37. Kd3 {[%emt 0:00:01]} Rh1 {[%emt 0:00:38]} 38. Re8+ {[%emt 0:01:12]} Kf5 {[%emt 0:00:32]} 39. Rf8+ {[%emt 0:02:14]} Ke6 {[%emt 0:00:11]} 40. Re8+ {[%emt 0:00:40]} Kf7 {[%emt 0:02:00]} 41. Rd8 {[%emt 0:33:28]} Ke7 {[%emt 0:30:24]} 42. Ra8 {[%emt 0:00:00]} Rxh2 {[%emt 0:00:00]} 43. Rxa5 {[%emt 0:00:00]} Rh3 {[%emt 0:00:00]} 44. Ra7+ {[%emt 0:00:00]} Kf6 {[%emt 0:00:00]} 45. Kc4 {[%emt 0:00:00]} Rxg3 {[%emt 0:00:00]} 46. Rxh7 {[%emt 0:00:00]} Ke6 {[%emt 0:00:00]} 47. Rh6+ {[%emt 0:00:00]} Kd7 {[%emt 0:00:00]} 48. Rh8 {[%emt 0:00:00]} Kc6 {[%emt 0:00:00]} 49. Rc8+ {[%emt 0:00:00]} Kb7 {[%emt 0:00:00]} 50. Rh8 {[%emt 0:00:00]} Kc6 {[%emt 0:00:00]} 51. Rc8+ {[%emt 0:00:00]} Kb7 {[%emt 0:00:00]} 1/2-1/2

[Event "SWE-ch 2019"]
[Site "Eskilstuna"]
[Date "2019.07.12"]
[Round "7.5"]
[White "Cramling, Pia"]
[Black "Lokander, Martin"]
[Result "1/2-1/2"]
[WhiteElo "2479"]
[BlackElo "2397"]
[Annotator "ChessBase"]
[PlyCount "143"]
[EventDate "2019.07.06"]
[EventType "tourn"]
[EventCountry "SWE"]
[SourceTitle "playchess.com"]
[Source "ChessBase"]
[SourceQuality "1"]
[TimeControl "40/5400+30:1800+30"]

1. Nf3 {[%emt 0:01:38]} d5 {[%emt 0:00:00]} 2. d4 {[%emt 0:00:12]} Nf6 {[%emt 0:00:05]} 3. c4 {[%emt 0:00:15]} e6 {[%emt 0:00:44]} 4. g3 {[%emt 0:00:41]} dxc4 {[%emt 0:00:52]} 5. Qa4+ {[%emt 0:00:42]} Nbd7 {[%emt 0:00:39]} 6. Bg2 {[%emt 0:02:34]} a6 {[%emt 0:01:56]} 7. Qxc4 {[%emt 0:00:30]} b5 {[%emt 0:00:31]} 8. Qd3 {[%emt 0:14:42]} Bb7 {[%emt 0:00:06]} 9. O-O {[%emt 0:00:14]} Be7 {[%emt 0:04:17]} 10. a4 {[%emt 0:01:33]} b4 {[%emt 0:04:19]} 11. Bg5 {[%emt 0:04:06]} c5 {[%emt 0:05:51]} 12. Nbd2 {[%emt 0:03:07]} O-O {[%emt 0:00:33]} 13. Nc4 {[%emt 0:14:21]} Be4 {[%emt 0:18:44]} 14. Qd1 {[%emt 0:03:07]} Rc8 {[%emt 0:01:56]} 15. Rc1 {[%emt 0:03:38]} cxd4 {[%emt 0:07:30]} 16. Nxd4 {[%emt 0:09:39]} Bxg2 {[%emt 0:00:18]} 17. Kxg2 {[%emt 0:00:07]} Nc5 {[%emt 0:03:12]} 18. Kg1 {[%emt 0:06:03]} Qd5 {[%emt 0:10:02]} 19. h4 {[%emt 0:01:40]} Nxa4 {[%emt 0:11:19]} 20. Qxa4 {[%emt 0:00:41]} Rxc4 {[%emt 0:01:29]} 21. Nc6 {[%emt 0:02:02]} Bd6 {[%emt 0:08:40]} 22. Qxa6 {[%emt 0:08:39]} Rxc1 23. Rxc1 {[%emt 0:00:09]} Ne4 {[%emt 0:04:09]} 24. Be3 {[%emt 0:04:40]} h6 {[%emt 0:02:28]} 25. Qc4 {[%emt 0:02:19]} Nc3 {[%emt 0:03:23]} 26. Qxd5 {[%emt 0:01:34]} Nxd5 {[%emt 0:00:03]} 27. Bc5 {[%emt 0:01:55]} Bxc5 {[%emt 0:00:38]} 28. Rxc5 {[%emt 0:00:04]} Ra8 {[%emt 0:02:03]} 29. Rb5 {[%emt 0:04:05]} Ra1+ {[%emt 0:04:03]} 30. Kg2 {[%emt 0:00:04]} Rb1 {[%emt 0:00:19]} 31. e4 {[%emt 0:00:20]} Nf6 {[%emt 0:00:06]} 32. Rb8+ {[%emt 0:00:57]} Kh7 {[%emt 0:00:04]} 33. Rxb4 {[%emt 0:00:06]} Ng4 {[%emt 0:01:54]} 34. Rb7 {[%emt 0:05:27]} Rc1 {[%emt 0:00:50]} 35. Nd4 {[%emt 0:02:43]} Rc4 {[%emt 0:00:55]} 36. Nb5 {[%emt 0:02:17]} f5 {[%emt 0:02:10]} 37. exf5 {[%emt 0:00:21]} exf5 {[%emt 0:00:02]} 38. Nc3 {[%emt 0:00:34]} f4 {[%emt 0:00:38]} 39. Re7 {[%emt 0:00:28]} fxg3 {[%emt 0:00:33]} 40. fxg3 {[%emt 0:00:16]} Rb4 {[%emt 0:01:52]} 41. Re2 {[%emt 0:30:24]} Nf6 {[%emt 0:00:57]} 42. Na2 {[%emt 0:00:00]} Rb3 {[%emt 0:03:57]} 43. Nc1 {[%emt 0:00:00]} Rb5 {[%emt 0:00:17]} 44. Kf3 {[%emt 0:00:00]} g5 {[%emt 0:00:23]} 45. hxg5 {[%emt 0:00:00]} Rf5+ {[%emt 0:01:18]} 46. Kg2 {[%emt 0:00:00]} Rxg5 {[%emt 0:00:03]} 47. Nd3 {[%emt 0:00:00]} h5 {[%emt 0:03:24]} 48. Kh3 {[%emt 0:00:00]} h4 {[%emt 0:05:14]} 49. gxh4 {[%emt 0:00:00]} Rd5 {[%emt 0:00:11]} 50. Ne5 {[%emt 0:00:00]} Rb5 {[%emt 0:02:27]} 51. Nf3 {[%emt 0:00:00]} Rb3 {[%emt 0:00:50]} 52. Kg2 {[%emt 0:00:00]} Nd5 {[%emt 0:00:23]} 53. Kg3 {[%emt 0:00:00]} Ne3 {[%emt 0:02:12]} 54. Kf4 {[%emt 0:00:00]} Nc4 {[%emt 0:02:48]} 55. Ng5+ {[%emt 0:01:17]} Kg7 {[%emt 0:00:46]} 56. Re7+ {[%emt 0:00:32]} Kf8 {[%emt 0:00:33]} 57. Rc7 {[%emt 0:00:44]} Nxb2 {[%emt 0:04:43]} 58. h5 {[%emt 0:01:06]} Nd3+ {[%emt 0:03:42]} 59. Kf5 {[%emt 0:00:20]} Rb5+ {[%emt 0:00:32]} 60. Kf6 {[%emt 0:02:08]} Rb6+ {[%emt 0:00:08]} 61. Ne6+ {[%emt 0:01:22]} Kg8 {[%emt 0:00:34]} 62. Ke7 {[%emt 0:02:28]} Kh7 {[%emt 0:01:13]} 63. Rc8 {[%emt 0:00:57]} Rb7+ {[%emt 0:01:15]} 64. Kf6 {[%emt 0:00:11]} Rb6 {[%emt 0:00:20]} 65. Rc4 {[%emt 0:01:23]} Ra6 {[%emt 0:00:40]} 66. Ke7 {[%emt 0:00:33]} Kh6 {[%emt 0:01:15]} 67. Rd4 {[%emt 0:00:18]} Ne5 {[%emt 0:01:11]} 68. Kf6 {[%emt 0:00:40]} Nf3 {[%emt 0:00:25]} 69. Rd8 {[%emt 0:00:36]} Kxh5 {[%emt 0:01:24]} 70. Rh8+ {[%emt 0:00:32]} Kg4 {[%emt 0:00:15]} 71. Rg8+ {[%emt 0:00:11]} Kh3 {[%emt 0:00:10]} 72. Rh8+ {[%emt 0:00:10]} 1/2-1/2

[Event "SWE-ch 2019"]
[Site "Eskilstuna"]
[Date "2019.07.13"]
[Round "8.1"]
[White "Lokander, Martin"]
[Black "Hillarp Persson, Tiger"]
[Result "1/2-1/2"]
[WhiteElo "2397"]
[BlackElo "2562"]
[Annotator "ChessBase"]
[PlyCount "236"]
[EventDate "2019.07.06"]
[EventType "tourn"]
[EventCountry "SWE"]
[SourceTitle "playchess.com"]
[Source "ChessBase"]
[SourceQuality "1"]
[TimeControl "40/5400+30:1800+30"]

1. Nf3 {[%emt 0:00:00]} Nf6 {[%emt 0:00:00]} 2. c4 {[%emt 0:00:00]} e6 {[%emt 0:00:31]} 3. Nc3 {[%emt 0:00:54]} d5 {[%emt 0:00:11]} 4. d4 {[%emt 0:00:26]} dxc4 {[%emt 0:00:08]} 5. e4 {[%emt 0:00:26]} b5 {[%emt 0:00:18]} 6. e5 {[%emt 0:00:09]} Nd5 {[%emt 0:00:06]} 7. Nxb5 {[%emt 0:00:13]} Nb6 {[%emt 0:00:09]} 8. Be2 {[%emt 0:00:31]} Be7 {[%emt 0:00:49]} 9. O-O {[%emt 0:00:25]} Nc6 {[%emt 0:00:07]} 10. Qd2 {[%emt 0:00:58]} Bb7 {[%emt 0:09:25]} 11. Qf4 {[%emt 0:00:35]} Qd7 {[%emt 0:01:46]} 12. Rd1 {[%emt 0:14:30]} g5 {[%emt 0:08:46]} 13. Nxg5 {[%emt 0:05:30]} Bxg5 {[%emt 0:00:09]} 14. Qxg5 {[%emt 0:00:12]} Ne7 {[%emt 0:00:12]} 15. d5 {[%emt 0:22:22]} O-O-O {[%emt 0:23:20]} 16. Nc3 {[%emt 0:12:14]} Nexd5 {[%emt 0:28:48]} 17. Qh5 {[%emt 0:04:42]} Rdg8 {[%emt 0:04:28]} 18. Bf3 {[%emt 0:01:45]} f5 {[%emt 0:05:56]} 19. exf6 {[%emt 0:02:44]} Nxf6 {[%emt 0:00:45]} 20. Bxb7+ {[%emt 0:02:11]} Kxb7 {[%emt 0:00:11]} 21. Rxd7 {[%emt 0:02:56]} Nxh5 {[%emt 0:00:11]} 22. Rf7 {[%emt 0:00:52]} Rf8 {[%emt 0:01:21]} 23. Re7 {[%emt 0:02:17]} Re8 {[%emt 0:01:17]} 24. Rf7 {[%emt 0:00:20]} Ref8 {[%emt 0:00:14]} 25. Re7 {[%emt 0:00:44]} Re8 {[%emt 0:00:08]} 26. Rxe8 {[%emt 0:00:41]} Rxe8 {[%emt 0:00:07]} 27. Ne4 {[%emt 0:00:41]} Ng7 {[%emt 0:04:17]} 28. Bf4 {[%emt 0:09:32]} e5 {[%emt 0:00:52]} 29. Be3 {[%emt 0:00:13]} Nf5 {[%emt 0:01:52]} 30. Rd1 {[%emt 0:02:11]} Kc6 {[%emt 0:02:08]} 31. Nc3 {[%emt 0:03:23]} Rg8 {[%emt 0:02:31]} 32. Kf1 {[%emt 0:01:21]} h5 {[%emt 0:00:19]} 33. g3 {[%emt 0:02:13]} Nxe3+ {[%emt 0:02:46]} 34. fxe3 {[%emt 0:00:03]} Nc8 {[%emt 0:00:12]} 35. Nd5 {[%emt 0:03:28]} Rg7 {[%emt 0:00:25]} 36. Nb4+ {[%emt 0:01:37]} Kc5 {[%emt 0:01:34]} 37. Nd5 {[%emt 0:00:42]} Nd6 {[%emt 0:01:07]} 38. Nc3 {[%emt 0:00:17]} Kc6 {[%emt 0:00:32]} 39. Rd5 {[%emt 0:02:57]} Re7 {[%emt 0:00:43]} 40. Ra5 {[%emt 0:01:36]} Re8 {[%emt 0:00:40]} 41. Ra6+ {[%emt 0:03:08]} Kd7 {[%emt 0:00:24]} 42. Rxa7 {[%emt 0:03:56]} Rb8 {[%emt 0:02:29]} 43. Nd1 {[%emt 0:00:36]} Ne4 {[%emt 0:02:29]} 44. Ke2 {[%emt 0:01:53]} Kd6 {[%emt 0:00:47]} 45. Ra6+ {[%emt 0:01:41]} c6 {[%emt 0:00:10]} 46. Ra4 {[%emt 0:01:48]} Kd5 {[%emt 0:05:10]} 47. Ra5+ {[%emt 0:01:34]} Ke6 {[%emt 0:08:01]} 48. Ra6 {[%emt 0:02:03]} Rd8 {[%emt 0:03:21]} 49. Rxc6+ {[%emt 0:00:46]} Kf5 {[%emt 0:00:12]} 50. a4 {[%emt 0:05:48]} Rd2+ {[%emt 0:00:58]} 51. Ke1 {[%emt 0:00:03]} Rxh2 {[%emt 0:00:30]} 52. a5 {[%emt 0:02:20]} Rh1+ {[%emt 0:06:43]} 53. Ke2 {[%emt 0:00:07]} Rh2+ {[%emt 0:00:08]} 54. Ke1 {[%emt 0:00:01]} Rh1+ {[%emt 0:00:09]} 55. Ke2 {[%emt 0:00:03]} Nxg3+ {[%emt 0:03:15]} 56. Kf3 {[%emt 0:01:21]} Ne4 {[%emt 0:00:16]} 57. Nc3 {[%emt 0:03:47]} Rf1+ {[%emt 0:02:20]} 58. Ke2 {[%emt 0:01:00]} Rf2+ {[%emt 0:00:57]} 59. Ke1 {[%emt 0:00:08]} Rxb2 {[%emt 0:00:23]} 60. Nxe4 {[%emt 0:00:39]} Kxe4 {[%emt 0:00:08]} 61. Rxc4+ {[%emt 0:00:06]} Kxe3 {[%emt 0:01:08]} 62. Rc3+ {[%emt 0:00:03]} Kd4 {[%emt 0:00:26]} 63. Ra3 {[%emt 0:00:07]} Rb7 {[%emt 0:00:23]} 64. a6 {[%emt 0:00:03]} Ra7 {[%emt 0:00:05]} 65. Ke2 {[%emt 0:00:25]} h4 {[%emt 0:00:17]} 66. Ra4+ {[%emt 0:00:15]} Kd5 {[%emt 0:00:09]} 67. Rxh4 {[%emt 0:00:56]} Rxa6 {[%emt 0:00:07]} 68. Kd3 {[%emt 0:00:06]} e4+ {[%emt 0:00:20]} 69. Ke2 {[%emt 0:00:16]} Ra2+ {[%emt 0:00:34]} 70. Ke3 {[%emt 0:00:09]} Ra3+ {[%emt 0:00:06]} 71. Ke2 {[%emt 0:00:03]} Kd4 {[%emt 0:00:08]} 72. Rh8 {[%emt 0:02:41]} Ra2+ {[%emt 0:00:12]} 73. Ke1 {[%emt 0:00:21]} Kd3 {[%emt 0:00:08]} 74. Re8 {[%emt 0:00:03]} Ke3 {[%emt 0:00:57]} 75. Kf1 {[%emt 0:00:15]} Ra1+ {[%emt 0:00:58]} 76. Kg2 {[%emt 0:00:02]} Rd1 {[%emt 0:01:10]} 77. Re7 {[%emt 0:00:23]} Rd2+ {[%emt 0:01:53]} 78. Kf1 {[%emt 0:00:08]} Rd1+ {[%emt 0:00:11]} 79. Kg2 {[%emt 0:00:04]} Kd3 {[%emt 0:00:26]} 80. Kf2 {[%emt 0:00:11]} Rd2+ {[%emt 0:00:12]} 81. Ke1 {[%emt 0:00:20]} Re2+ {[%emt 0:00:45]} 82. Kf1 {[%emt 0:01:02]} Kd2 {[%emt 0:00:58]} 83. Rd7+ {[%emt 0:00:15]} Ke3 {[%emt 0:00:15]} 84. Re7 {[%emt 0:00:04]} Rc2 {[%emt 0:00:26]} 85. Re8 {[%emt 0:00:17]} Rc4 {[%emt 0:00:44]} 86. Re7 {[%emt 0:00:24]} Rd4 {[%emt 0:01:04]} 87. Ke1 {[%emt 0:00:08]} Ra4 {[%emt 0:00:20]} 88. Kf1 {[%emt 0:00:09]} Ra1+ {[%emt 0:00:17]} 89. Kg2 {[%emt 0:00:04]} Re1 {[%emt 0:00:03]} 90. Ra7 {[%emt 0:00:19]} Re2+ {[%emt 0:00:20]} 91. Kf1 {[%emt 0:00:32]} Rd2 {[%emt 0:00:48]} 92. Re7 {[%emt 0:00:42]} Rc2 {[%emt 0:00:52]} 93. Re8 {[%emt 0:00:18]} Rc6 {[%emt 0:00:46]} 94. Re7 {[%emt 0:00:20]} Rf6+ {[%emt 0:00:26]} 95. Ke1 {[%emt 0:00:31]} Kf3 {[%emt 0:00:26]} 96. Kf1 {[%emt 0:01:41]} Rf4 {[%emt 0:00:47]} 97. Re8 {[%emt 0:00:25]} Ke3+ {[%emt 0:00:23]} 98. Ke1 {[%emt 0:00:03]} Rh4 {[%emt 0:00:08]} 99. Kf1 {[%emt 0:00:17]} Rh3 {[%emt 0:00:45]} 100. Re7 {[%emt 0:00:14]} Rh2 {[%emt 0:00:33]} 101. Re8 {[%emt 0:00:15]} Rh1+ {[%emt 0:00:37]} 102. Kg2 {[%emt 0:00:06]} Rd1 {[%emt 0:00:14]} 103. Re7 {[%emt 0:00:42]} Kd3 {[%emt 0:00:12]} 104. Kf2 {[%emt 0:00:13]} Rd2+ {[%emt 0:00:10]} 105. Ke1 {[%emt 0:00:15]} Re2+ {[%emt 0:00:07]} 106. Kf1 {[%emt 0:00:10]} Rc2 {[%emt 0:00:48]} 107. Rd7+ {[%emt 0:00:20]} Ke3 {[%emt 0:00:11]} 108. Re7 {[%emt 0:00:02]} Rc1+ {[%emt 0:00:58]} 109. Kg2 {[%emt 0:00:03]} Kd3 {[%emt 0:00:30]} 110. Kf2 {[%emt 0:00:04]} Rc2+ {[%emt 0:00:43]} 111. Ke1 {[%emt 0:00:09]} Rh2 {[%emt 0:00:37]} 112. Re8 {[%emt 0:00:15]} Ke3 {[%emt 0:00:34]} 113. Kf1 {[%emt 0:00:09]} Rh4 {[%emt 0:00:13]} 114. Re7 {[%emt 0:00:13]} Rf4+ {[%emt 0:00:48]} 115. Ke1 {[%emt 0:00:14]} Kf3 {[%emt 0:00:05]} 116. Kf1 {[%emt 0:00:24]} Rf8 {[%emt 0:00:33]} 117. Re6 {[%emt 0:00:13]} Ra8 {[%emt 0:00:51]} 118. Rf6+ {[%emt 0:00:10]} Ke3 {[%emt 0:00:21]} 1/2-1/2